Online katalóg knižníc regiónu Turca

Búrka nad nemocnicou (Record no. 22028)

MARC details
000 -LEADER
fixed length control field 01440cam a2200397 a 4500
001 - CONTROL NUMBER
control field 22028
003 - CONTROL NUMBER IDENTIFIER
control field VRT
005 - DATE AND TIME OF LATEST TRANSACTION
control field 20260317164331.0
008 - FIXED-LENGTH DATA ELEMENTS--GENERAL INFORMATION
fixed length control field 240226s1995 xo r 000 f slo
015 ## - NATIONAL BIBLIOGRAPHY NUMBER
National bibliography number SNBA1996/0401045
020 ## - INTERNATIONAL STANDARD BOOK NUMBER
International Standard Book Number 8096725610
035 ## - SYSTEM CONTROL NUMBER
System control number SNK000067818
035 ## - SYSTEM CONTROL NUMBER
System control number urn:nbn:sk:snk-amk56z
035 ## - SYSTEM CONTROL NUMBER
System control number urn:nbn:sk:snk-am004zri
035 ## - SYSTEM CONTROL NUMBER
System control number 6D81C5A5-531E-406C-83DB-88BF2C29B8C5
039 #9 - LEVEL OF BIBLIOGRAPHIC CONTROL AND CODING DETAIL [OBSOLETE]
Level of rules in bibliographic description 202402261602
Level of effort used to assign nonsubject heading access points VLOAD
Level of effort used to assign subject headings 202205120752
Level of effort used to assign classification VLOAD
Level of effort used to assign subject headings 202107032030
Level of effort used to assign classification csnk01
Level of effort used to assign subject headings 202107032019
Level of effort used to assign classification AUTHORITY
040 ## - CATALOGING SOURCE
Original cataloging agency SNK
Language of cataloging slo
Original cataloging agency SNK
Description conventions AACR2
041 1# - LANGUAGE CODE
Language code of text/sound track or separate title slo
Language code of original hun
044 ## - COUNTRY OF PUBLISHING/PRODUCING ENTITY CODE
MARC country code xo
ISO country code SK
080 ## - UNIVERSAL DECIMAL CLASSIFICATION NUMBER
Universal Decimal Classification number 894.511-3
Edition identifier 1981
100 1# - MAIN ENTRY--PERSONAL NAME
Personal name Marsh, Evelyn,
Dates associated with a name 1933-2012
Relationship aut
240 10 - UNIFORM TITLE
Uniform title Vihar a kórház felett
Language of a work Slovensky
245 10 - TITLE STATEMENT
Title Búrka nad nemocnicou
Statement of responsibility, etc. Evelyn Marshová ; [z maďarského originálu preložila Mária V. Bareková]
260 ## - PUBLICATION, DISTRIBUTION, ETC.
Place of publication, distribution, etc. Bratislava
Name of publisher, distributor, etc. Allegro
Date of publication, distribution, etc. 1995
300 ## - PHYSICAL DESCRIPTION
Extent 226 s.
Dimensions 22 cm
655 #7 - INDEX TERM--GENRE/FORM
Genre/form data or focus term maďarské romány
Source of term SNKPH
700 1# - ADDED ENTRY--PERSONAL NAME
Personal name Bareková, Mária V.,
Dates associated with a name 1951-
Relationship trl
910 ## - USER-OPTION DATA (OCLC)
User-option data snk
911 ## - EQUIVALENCE OR CROSS-REFERENCE-CONFERENCE OR MEETING NAME [LOCAL, CANADA]
Meeting name or jurisdiction name as entry element KN 1996/04
Number [OBSOLETE] 01045
942 ## - ADDED ENTRY ELEMENTS (KOHA)
Source of classification or shelving scheme Dewey Decimal Classification
Koha item type Krásna literatúra pre dospelých
Suppress in OPAC No
949 ## - LOCAL PROCESSING INFORMATION (OCLC)
6 4710701945
a strmkB
b strmk2008/1945
949 ## - LOCAL PROCESSING INFORMATION (OCLC)
9 P60, <09>, [BOOK], {629}
a snkC 156
b snk291/960117
949 ## - LOCAL PROCESSING INFORMATION (OCLC)
6 17A0004588
9 P60, <03>, [BOOK], {603}
a snkSC 89858
b snkKSP 1269/96
s 6100:20140925
949 ## - LOCAL PROCESSING INFORMATION (OCLC)
6 17A0068542
9 P60, <05>, [BOOK], {605}
a snkSC 89858 D1
b snkKSP 1270/96
949 ## - LOCAL PROCESSING INFORMATION (OCLC)
6 273K0214849
a svkpoA 166967
b svkpo414535
o PV 317/96
Holdings
Stav vyradenia Strata Poškodenie Spôsob nadobudnutia Domovská knižnica Aktuálna knižnica Dátum nadobudnutia Total checkouts Čiarový kód exemplára Date last seen Typ exemplára
      Dar Obecná knižnica Horná Štubňa Obecná knižnica Horná Štubňa 17.03.2026   9788096725618 17.03.2026 Krásna literatúra pre dospelých
Projekt je podporený Slovenskou asociáciou knižníc
Prevádzkuje Turčianska knižnica Martin 2026